000 00253nam a22001217a 4500
020 _a0-7131-3306-6
082 _a621.38224 CON'N
100 _aCONNOR, F. R
_941478
245 _aNOISE
260 _bEDWARD ARNOLD
_c1973
300 _a104P
942 _cBK
999 _c583736
_d583736